Online Catalogue and eLibrary

Naam enn eluthukintrom (Record no. 4071)

MARC details
000 -LEADER
fixed length control field 00365nam a2200145Ia 4500
005 - DATE AND TIME OF LATEST TRANSACTION
control field 20250323152428.0
008 - FIXED-LENGTH DATA ELEMENTS--GENERAL INFORMATION
fixed length control field 240331s9999 xx 000 0 und d
082 ## - DDC Classification
Item Number - Author Mark PON
Class No. 894
100 ## - MAIN ENTRY--PERSONAL NAME
Personal name Ponnaiyan, T
245 #0 - TITLE STATEMENT
Title Naam enn eluthukintrom
260 ## - PUBLICATION, DISTRIBUTION, ETC.
Place of publication, distribution, etc. Colombo
Name of publisher, distributor, etc. Meera pathippagam
Date of publication, distribution, etc. 2004
300 ## - PHYSICAL DESCRIPTION
Extent (e.g. Volumes, Pages etc.) vi. 118 p .,
650 ## - SUBJECT ADDED ENTRY--TOPICAL TERM
Topical term or geographic name entry element Kalai Illakkiya Kadoorai
942 ## - Koha item type (Biblio)
Koha item type Books in Stacks (Lending)
Holdings
Lost status Damaged status Collection code Home library Current library Shelving location Date acquired Full call number Accession Number Item type
    Lending WERC Library WERC Library Social Science Cupboard 03/31/2024 894.811 PON 1814 Books in Stacks (Lending)

© WERC Library